000 00721nam a22002057a 4500
005 20100813104517.0
010 _aENG-100179
020 _a9788172087135
_c141.00
035 _aEN-83711
037 _bDBAD/PUB
082 _a230.35
100 _aBruce, Rita
_912736
245 _aVision of sai II /
_bby Rita Bruce
260 _aPrasanthi Nilayam
_bSri Sathya Sai Sadhana Trust
_c2009
270 _aSri Sathya Sai Sadhana Trust, Andhra Pradesh
_bPrasanthi Nilayam
_e515134
300 _avii, 320 p.
_c21cm (Pbk)
700 _912574
942 _2ddc
_cEN
_h230.35
_mBRU
999 _c41637
_d41637